000 00292nam a2200121Ia 4500
008 190216s9999||||xx |||||||||||||| ||und||
100 _aArthur J Eames
245 0 _aAvritha Beejikalude Ropa Vijananam
260 _bBhasha Institute
_c1974
300 _a739p
650 _aBotany
942 _cBK
999 _c37601
_d37601